000 00575nam a2200181Ia 4500
003 GCL
008 140319s9999 xx 000 0 ara d
040 _aGCL /
_cGCL
082 0 4 _a150
_bم ا
100 1 _aمحمود السيد ابوالنيل
245 1 0 _aالاحصاء النفسى والاجتماعى والتربوى /
_cمحمود السيد ابوالنيل
300 _a430
490 _aسلسلة علم النفس
_v0
650 0 4 _aعلم النفس
650 0 4 _aالتحليل النفسى
650 0 4 _aالطرق الاحصائية
942 _2ddc
_cBK
999 _c42695
_d42695